The Innovation Process in the Energy Industries
Guardat en:
| Autor principal: | |
|---|---|
| Format: | Llibre |
| Idioma: | Undetermined |
| Publicat: |
Oxford
Cambridge University Press
1979
|
| Matèries: | |
| Etiquetes: |
Afegir etiqueta
Sense etiquetes, Sigues el primer a etiquetar aquest registre!
|
| Thư viện lưu trữ: | Trung tâm Học liệu Trường Đại học Cần Thơ |
|---|
| LEADER | 00553nam a2200193Ia 4500 | ||
|---|---|---|---|
| 001 | CTU_85218 | ||
| 008 | 210402s9999 xx 000 0 und d | ||
| 082 | |a 621 | ||
| 082 | |b R263 | ||
| 100 | |a Ray, G. F. | ||
| 245 | 4 | |a The Innovation Process in the Energy Industries | |
| 245 | 0 | |c G. F. Ray; L.Unhmann | |
| 260 | |a Oxford | ||
| 260 | |b Cambridge University Press | ||
| 260 | |c 1979 | ||
| 650 | |a Western,Energy Industries-Europe | ||
| 650 | |x Technological Innovations | ||
| 904 | |i Năm | ||
| 980 | |a Trung tâm Học liệu Trường Đại học Cần Thơ | ||